|
|
|
|
| LEADER |
00821nam a2200229 a 4500 |
| 001 |
GR-MES1818 |
| 008 |
991111s1995 enk 000 b eng d |
| 020 |
|
|
|a 0803990618
|
| 040 |
|
|
|a GrPaTEI
|b gre
|c GR-PaULI
|
| 245 |
0 |
0 |
|a How sampling works.
|
| 260 |
|
|
|a London :
|b Pine Forge press,
|c 1995
|
| 300 |
|
|
|a 243σ. :
|b πίν.
|
| 500 |
|
|
|a Περιλαμβάνει ευρετήριο.
|
| 650 |
|
4 |
|a ΕΡΓΑΣΙΑ
|
| 650 |
|
4 |
|a Στατιστική
|
| 700 |
1 |
|
|a Maisel, Richard
|
| 700 |
1 |
|
|a Persell, Caroline
|
| 710 |
0 |
|
|a Pine Forge press
|
| 942 |
|
|
|2 ddc
|
| 952 |
|
|
|0 0
|1 0
|2 ddc
|4 0
|6 001_422000000000000_2_MAI
|7 0
|9 266106
|a MSLG
|b MSLG
|c BSC
|d 2021-01-17
|e 24
|f 0
|g 0.00
|l 0
|o 001.422 2 MAI
|p 2420000011896
|r 2021-01-17 00:00:00
|t 1
|w 2021-01-17
|y BK15
|x 19991111 0 1
|x GrPaTEI
|
| 971 |
|
|
|a .b25728623
|b 15-04-20
|c 13-09-16
|
| 999 |
|
|
|c 153015
|d 153015
|